000 00480nam a2200169Ia 4500
999 _c26841
_d26841
003 OSt
005 20201215160129.0
008 190216s9999||||xx |||||||||||||| ||und||
040 _coclc
082 _a894.8124
_bSAN/R
100 _aSankaran, K P
_97047
245 0 _aRithuparivarthanam /
_cK P Sankaran
260 _bPoorna Publication,
_aKozhikode:
_c1989.
300 _a127p
650 _aLekhanam
942 _cBK
_2ddc
_h894.8124
_iSAN/R
_k894.8124
_mSAN/R